Európska únia

Saved in:
Bibliographic Details
Main Author: Šíbl, Drahoš
Corporate Author: Ekonomická univerzita v Bratislave. Obchodná fakulta
Other Authors: Šaková, Beáta, Mogyorosiová, Zuzana, 1975-
Format: Book
Language:Slovak
Published: Bratislava Vydavateľstvo Ekonóm 2001
Subjects:
Tags: Add Tag
No Tags, Be the first to tag this record!

MARC

LEADER 00000nam a2200000 4500
001 c127535
005 20240502071320.7
020 |a 80-225-1376-8 
041 0 |a slo 
044 |a SK 
245 1 0 |a Európska únia  |c Drahoš Šíbl, Beáta Šaková, Zuzana Mogyorosiová 
264 1 |a Bratislava  |b Vydavateľstvo Ekonóm  |c 2001 
300 |a 221 s. 
610 2 0 |a Európska únia 
610 2 0 |a integrácia ekonomická medzinárodná 
610 2 0 |a únie menové 
610 2 0 |a únie colné 
610 2 0 |a trh spoločný 
610 2 0 |a obchod voľný 
610 2 0 |a Slovensko 
610 2 0 |a politika menová 
100 1 |a Šíbl, Drahoš 
700 1 |a Šaková, Beáta 
700 1 |a Mogyorosiová, Zuzana, 1975- 
710 2 |a Ekonomická univerzita v Bratislave. Obchodná fakulta